Statistics for Gravity Falls Characters

Click here to take the quiz!

General Stats

  • This quiz has been taken 165 times
  • The average score is 6 of 11

Answer Stats

HintAnswer% Correct
Dipper's twin sisterMabel
93%
OH NO THE EVIL TRIANGLE!!!Bill cipher
75%
Used to bully candy and grendaPacifica
74%
Created the portalStanford Pines
59%
Last word of the last sentenceDipper
55%
Mabel's version of dipperDippy Fresh
52%
That last one was hard to spell. Let me give you a hint. Starts with a C ends with a L. The answer for this one is CLCL
48%
Mabel pines is the answer!!!Mabel pines
37%
Big buff ______ GuardsWaffle
32%
Stanford's brotherStanly
25%
UNICORN!!!Clestebellelleellebell
1%

Score Distribution

Percentile by Number Answered

Percent of People with Each Score

Your Score History

You have not taken this quiz